[Event "Central Serbia 2015 Cup"]
[Site "Vrnjacka Banja"]
[Date "2015.05.01"]
[Round "5.5"]
[White "Mladenovic, Stefan"]
[Black "Irizanin, Radoje"]
[Result "1-0"]
[WhiteElo "2375"]
[BlackElo "2295"]
[PlyCount "83"]
[EventDate "2015.03.22"]

1. d4 d5 2. c4 e5 3. dxe5 d4 4. Nf3 Nc6 5. Nbd2 f6 6. exf6 Nxf6 7. g3 Bf5 8.
Bg2 Qd7 9. O-O h5 10. Nb3 O-O-O 11. e3 dxe3 12. Qxd7+ Nxd7 13. Bxe3 Bd3 14.
Rfc1 Nde5 15. Nxe5 Nxe5 16. Bxa7 g5 17. Bd4 Bg7 18. Bc3 Rhg8 19. Nc5 b6 20. Ne6
Rde8 21. Nxg7 Rxg7 22. Re1 Rge7 23. b3 g4 24. Rxe5 Rxe5 25. Bxe5 Rxe5 26. Bd5
Kd7 27. Rd1 Be2 28. Re1 Kd6 29. Bf7 Kc5 30. Bxh5 Kd4 31. h3 Rxh5 32. Rxe2 gxh3
33. Kh2 Rh7 34. f4 Kd3 35. Re6 Kc3 36. f5 Kb2 37. Re2+ Ka3 38. f6 c6 39. Rf2
Rf7 40. g4 b5 41. cxb5 cxb5 42. b4 1-0

[Event "Central Serbia 2015 Cup"]
[Site "Vrnjacka Banja"]
[Date "2015.05.01"]
[Round "5.5"]
[White "Mirkovic, Stevan"]
[Black "Todorovic, Nenad I"]
[Result "1-0"]
[WhiteElo "2315"]
[BlackElo "2122"]
[PlyCount "163"]
[EventDate "2015.03.22"]

1. Nf3 c5 2. c4 Nc6 3. d4 cxd4 4. Nxd4 g6 5. e4 Nf6 6. Nc3 Nxd4 7. Qxd4 d6 8.
Bg5 Bg7 9. Be2 O-O 10. Qd2 Be6 11. O-O Qa5 12. Rad1 Rfc8 13. b3 a6 14. Bxf6
exf6 15. Na4 Qxd2 16. Rxd2 Rab8 17. Rxd6 Bf8 18. Rd2 b5 19. Nb2 Ba3 20. cxb5
Bb4 21. Rdd1 Rc2 22. Nd3 Bf8 23. Nf4 axb5 24. Ra1 b4 25. Bd3 Rd2 26. Rfd1 Rxd1+
27. Rxd1 Ra8 28. Rd2 Bh6 29. g3 Rd8 30. Kf1 f5 31. Ke2 fxe4 32. Bxe4 Re8 33.
Kf3 g5 34. Nh5 g4+ 35. Ke2 Bg5 36. Kd1 Bxb3+ 37. axb3 Rxe4 38. Rd5 Be7 39. Kd2
h6 40. Kd3 Re1 41. Rd4 f5 42. Rd5 Rd1+ 43. Kc4 Rc1+ 44. Kb5 Rb1 45. Kc4 Rc1+
46. Kd4 Rc3 47. Ke5 Kf7 48. Kxf5 Rxb3 49. Nf4 Rb2 50. Nd3 Re2 51. Rb5 Ke8 52.
Kxg4 Rd2 53. Ne5 Rxf2 54. Rb8+ Bd8 55. Nc6 Rd2 56. Nxd8 Rxd8 57. Rxb4 Rd6 58.
Rf4 Ke7 59. Kh5 Rc6 60. h4 Rc3 61. Rg4 Kf7 62. Kxh6 Rc8 63. Rf4+ Kg8 64. g4
Rc6+ 65. Kg5 Rc5+ 66. Rf5 Rc4 67. h5 Rb4 68. Ra5 Rd4 69. h6 Rc4 70. Kf5 Rc8 71.
g5 Rf8+ 72. Kg6 Rd8 73. Ra6 Rc8 74. Kf5 Rf8+ 75. Rf6 Rb8 76. g6 Rb5+ 77. Kg4
Rb4+ 78. Kg5 Rb5+ 79. Rf5 Rb4 80. Rd5 Kf8 81. h7 Kg7 82. Rd7+ 1-0

[Event "Central Serbia 2015 Cup"]
[Site "Vrnjacka Banja"]
[Date "2015.05.01"]
[Round "5.5"]
[White "Livaja, Mario"]
[Black "Matovic, Petar"]
[Result "1/2-1/2"]
[WhiteElo "2206"]
[BlackElo "2203"]
[PlyCount "131"]
[EventDate "2015.03.22"]

1. d4 d5 2. c4 c6 3. Nc3 Nf6 4. Nf3 e6 5. Bg5 Nbd7 6. cxd5 exd5 7. e3 Bd6 8.
Bd3 O-O 9. Qc2 h6 10. Bh4 Be7 11. O-O Re8 12. Rab1 Ne4 13. Bxe7 Qxe7 14. Bxe4
dxe4 15. Nd2 Nf6 16. b4 Bf5 17. Ne2 Rac8 18. Qc5 Be6 19. Rfc1 a6 20. a4 Bd5 21.
Qxe7 Rxe7 22. Nc3 Ra8 23. Rb2 Rd8 24. b5 axb5 25. axb5 Ne8 26. Ra1 f5 27. Ra7
Kf7 28. bxc6 bxc6 29. Rbb7 Rxb7 30. Rxb7+ Kf6 31. h4 Nd6 32. Rb6 Ke7 33. Nb3
Bxb3 34. Rxb3 Ra8 35. Rb1 g5 36. Rc1 Ke6 37. Kh2 Ra6 38. Kg3 Nb5 39. Ne2 Nc7
40. hxg5 hxg5 41. Rc5 Nd5 42. Nc3 f4+ 43. Kg4 fxe3 44. fxe3 Nxe3+ 45. Kxg5 Nxg2
46. Re5+ Kd7 47. Nxe4 Ra1 48. Nf6+ Kc7 49. Re7+ Kb6 50. Re2 Rg1 51. Kf5 Nh4+
52. Ke6 Nf3 53. Rb2+ Ka5 54. d5 cxd5 55. Nxd5 Rg6+ 56. Kf5 Rg8 57. Kf4 Ng5 58.
Ke5 Nf3+ 59. Kd6 Rd8+ 60. Ke6 Ng5+ 61. Ke5 Nf3+ 62. Ke4 Ng5+ 63. Kd4 Nf3+ 64.
Kc5 Rc8+ 65. Kd6 Rd8+ 66. Kc5 1/2-1/2

[Event "Central Serbia 2015 Cup"]
[Site "Vrnjacka Banja"]
[Date "2015.05.01"]
[Round "5.5"]
[White "Radosavljevic, Slobodan S"]
[Black "Ostojic, Nikola M"]
[Result "1-0"]
[WhiteElo "2155"]
[BlackElo "2049"]
[PlyCount "113"]
[EventDate "2015.03.22"]

1. d4 d5 2. Nf3 c6 3. e3 Nf6 4. Bd3 e6 5. Ne5 c5 6. c3 Qc7 7. O-O Bd6 8. f4 b6
9. Nd2 Bb7 10. Ndf3 h6 11. Bb5+ Nbd7 12. Nxd7 Nxd7 13. Ne5 Bxe5 14. fxe5 Bc6
15. Bd3 h5 16. Qf3 f5 17. exf6 gxf6 18. Bg6+ Ke7 19. e4 Rag8 20. exd5 Bxd5 21.
Be4 Qc6 22. Re1 Bxe4 23. Rxe4 f5 24. Qxf5 Nf6 25. d5 Nxe4 26. Qxe4 Qxd5 27.
Qh4+ Kd7 28. Qa4+ Kc8 29. g3 h4 30. g4 h3 31. Qa6+ Kb8 32. Qe2 e5 33. g5 Rh4
34. Bd2 e4 35. Rd1 Qf5 36. Be1 Rg4+ 37. Bg3+ Kb7 38. Rf1 Qe6 39. Rf6 Qd7 40.
Qc4 e3 41. Qxg8 Qd1+ 42. Rf1 e2 43. Qb8+ Ka6 44. Qc8+ Ka5 45. b4+ cxb4 46.
cxb4+ Rxb4 47. Re1 Rb1 48. Qf5+ Ka6 49. Qf2 Qc2 50. g6 Rxe1+ 51. Qxe1 Qe4 52.
Kf2 Qxg6 53. Qxe2+ Kb7 54. Qf3+ Ka6 55. Bf4 Qe6 56. a3 Qc4 57. Kg3 1-0

[Event "Central Serbia 2015 Cup"]
[Site "Vrnjacka Banja"]
[Date "2015.05.01"]
[Round "5.6"]
[White "Blagojevic, Nebojsa"]
[Black "Garic, Radomir"]
[Result "1-0"]
[WhiteElo "2313"]
[BlackElo "2244"]
[PlyCount "67"]
[EventDate "2015.03.22"]

1. e4 c5 2. Nf3 Nc6 3. d4 cxd4 4. Nxd4 Qc7 5. Nc3 e6 6. Be2 a6 7. O-O Nf6 8.
Bg5 Bb4 9. Nxc6 Bxc3 10. bxc3 dxc6 11. Bd3 e5 12. a4 Be6 13. Qc1 h6 14. Bxf6
gxf6 15. a5 Rd8 16. Qe3 c5 17. Rab1 Rd6 18. f4 b5 19. axb6 Rxb6 20. fxe5 fxe5
21. Ra1 Rg8 22. Rxa6 Rxa6 23. Bxa6 Rg6 24. Be2 Qe7 25. Ra1 Kf8 26. Ra5 Qh4 27.
g3 Bh3 28. Qxc5+ Kg8 29. Ra8+ Kh7 30. Qxe5 Qf6 31. Qxf6 Rxf6 32. Bd3 Rb6 33.
Ra7 Rb1+ 34. Kf2 1-0

[Event "Central Serbia 2015 Cup"]
[Site "Vrnjacka Banja"]
[Date "2015.05.01"]
[Round "5.6"]
[White "Klcesko, Nebojsa"]
[Black "Mitrovic, Marjan"]
[Result "1/2-1/2"]
[WhiteElo "2000"]
[BlackElo "2087"]
[PlyCount "105"]
[EventDate "2015.03.22"]

1. d4 Nf6 2. Nf3 g6 3. b3 Bg7 4. Bb2 O-O 5. e3 d5 6. Be2 c5 7. O-O cxd4 8. exd4
Nc6 9. Ne5 Bf5 10. a3 Rc8 11. Bd3 Ne4 12. Nxc6 Rxc6 13. Nd2 Nc3 14. Qf3 Qc8 15.
Bxf5 Qxf5 16. Qxf5 gxf5 17. Rfe1 e6 18. Nf3 Rfc8 19. Ne5 Bxe5 20. dxe5 Ne4 21.
Bd4 a6 22. f3 Nd2 23. Be3 Rxc2 24. b4 h5 25. Bg5 Rb2 26. Rac1 Rxc1 27. Rxc1 Nc4
28. Rc3 Rb1+ 29. Kf2 Ra1 30. Bc1 b5 31. f4 h4 32. Be3 Rxa3 33. Rxa3 Nxa3 34.
Bc5 f6 35. exf6 Kf7 36. Ke2 Kxf6 37. Bd4+ Kg6 38. Kd3 Nc4 39. h3 a5 40. bxa5
Nxa5 41. Bf2 Kh5 42. Kd4 b4 43. Be1 b3 44. Kc3 Nc4 45. Kxb3 Ne3 46. g3 hxg3 47.
Bxg3 Nf1 48. Be1 Nh2 49. Kc3 Nf3 50. Bf2 e5 51. fxe5 Nxe5 52. Kd4 Ng6 53. Kxd5
1/2-1/2

[Event "Central Serbia 2015 Cup"]
[Site "Vrnjacka Banja"]
[Date "2015.05.01"]
[Round "5.6"]
[White "Djoric, Hadzi Goran"]
[Black "Klcesko, Aleksandar"]
[Result "1-0"]
[WhiteElo "2144"]
[BlackElo "1717"]
[PlyCount "61"]
[EventDate "2015.03.22"]

1. e4 c6 2. d4 d5 3. exd5 cxd5 4. Nf3 Nf6 5. h3 Bf5 6. Bd3 Bxd3 7. Qxd3 e6 8.
O-O Be7 9. Nbd2 O-O 10. Re1 Nbd7 11. c3 Qc7 12. b3 Rac8 13. Bb2 Qa5 14. a4 a6
15. b4 Qc7 16. a5 Nh5 17. Ne5 Nxe5 18. Rxe5 Nf4 19. Qf3 Ng6 20. Ree1 Qf4 21.
Qd3 Bd6 22. Nf3 Nh4 23. Nxh4 Qxh4 24. Bc1 Be7 25. Rf1 Bg5 26. f4 Be7 27. Bd2
Bd6 28. Kh2 g5 29. g3 Qh5 30. fxg5 Kh8 31. Rf6 1-0

[Event "Central Serbia 2015 Cup"]
[Site "Vrnjacka Banja"]
[Date "2015.05.01"]
[Round "5.7"]
[White "Dinic, Dragan"]
[Black "Al Atarji, Sami"]
[Result "1/2-1/2"]
[WhiteElo "2323"]
[BlackElo "2118"]
[PlyCount "139"]
[EventDate "2015.03.22"]

1. e4 g6 2. d4 Bg7 3. Nc3 c5 4. Nf3 Qa5 5. Be2 cxd4 6. Nxd4 Nc6 7. Be3 Nf6 8.
O-O O-O 9. Nb3 Qc7 10. f4 d6 11. Kh1 Be6 12. Bf3 Rad8 13. Bg1 Bc4 14. Re1 e6
15. Nd2 Ba6 16. Be2 Bxe2 17. Qxe2 Nb4 18. Nf3 a6 19. a3 Nc6 20. f5 b5 21. fxe6
fxe6 22. Rad1 Rfe8 23. Rf1 Ng4 24. Ng5 Nge5 25. Qf2 Qe7 26. Qg3 Rf8 27. Be3
Rxf1+ 28. Rxf1 h6 29. Nf3 Rf8 30. Rd1 g5 31. Nd4 Nxd4 32. Bxd4 Nc4 33. Bxg7
Qxg7 34. h3 Qe5 35. Qxe5 dxe5 36. Kg1 Nxb2 37. Rd6 Rc8 38. Na2 Kf7 39. Rxa6
Rxc2 40. Nb4 Rc1+ 41. Kh2 Nc4 42. Nc6 Ra1 43. Ra7+ Kf6 44. Ra8 Rxa3 45. Rh8 Kg7
46. Re8 Re3 47. Rxe6 Rxe4 48. Re7+ Kf6 49. Rh7 Kg6 50. Rb7 h5 51. Rxb5 h4 52.
Nb4 Kf5 53. Nd3 Re2 54. Kg1 Rd2 55. Nf2 Ne3 56. Rb3 Nd5 57. Rb8 Kf4 58. Rf8+
Ke3 59. Ng4+ Kd4 60. Rg8 e4 61. Rxg5 Nf4 62. Nh6 e3 63. Nf5+ Ke4 64. Nxe3 Kxe3
65. Rg4 Ne2+ 66. Kh2 Rd4 67. Rg8 Ng3 68. Rh8 Nf5 69. Rg8 Rd1 70. Rg4 1/2-1/2

[Event "Central Serbia 2015 Cup"]
[Site "Vrnjacka Banja"]
[Date "2015.05.01"]
[Round "5.7"]
[White "Milutinovic, Bojan"]
[Black "Kostic, Nebojsa G"]
[Result "1/2-1/2"]
[WhiteElo "1733"]
[BlackElo "2046"]
[PlyCount "37"]
[EventDate "2015.03.22"]

1. e4 e5 2. Nf3 Nc6 3. Bc4 Bc5 4. c3 Nf6 5. d4 exd4 6. cxd4 Bb4+ 7. Nc3 O-O 8.
e5 Ne4 9. Qc2 d5 10. exd6 Nxd6 11. Bd3 h6 12. h3 Qf6 13. Be3 Nf5 14. O-O-O Bxc3
15. Qxc3 Nd6 16. Ne5 Nf5 17. g4 Nxe3 18. fxe3 Nxe5 19. dxe5 1/2-1/2

[Event "Central Serbia 2015 Cup"]
[Site "Vrnjacka Banja"]
[Date "2015.05.01"]
[Round "5.7"]
[White "Tomovic, Miroslav"]
[Black "Velikic, Vule"]
[Result "1-0"]
[WhiteElo "1910"]
[BlackElo "1764"]
[PlyCount "61"]
[EventDate "2015.03.22"]

1. e4 e6 2. Nf3 d5 3. exd5 exd5 4. d4 Nf6 5. h3 Bd6 6. Be2 O-O 7. O-O h6 8. c4
dxc4 9. Bxc4 Nbd7 10. Nc3 Nb6 11. Bb3 c6 12. Qd3 Qc7 13. Be3 Nbd5 14. Rac1 Nxc3
15. Rxc3 Qa5 16. Bxh6 Bf5 17. Qe3 gxh6 18. Qxh6 Ne4 19. Re3 Rae8 20. Ng5 Qd8
21. Nf3 Qf6 22. Qh5 Qg6 23. Qh4 Be7 24. Qf4 Bg5 25. Nxg5 Qxg5 26. Rxe4 Qxf4 27.
Rxf4 Bd3 28. Rd1 Bb5 29. a4 Ba6 30. d5 cxd5 31. Rxd5 1-0

[Event "Central Serbia 2015 Cup"]
[Site "Vrnjacka Banja"]
[Date "2015.05.01"]
[Round "5.8"]
[White "Milosevic, Zoran"]
[Black "Djokic, Nebojsa"]
[Result "1/2-1/2"]
[WhiteElo "2225"]
[BlackElo "2198"]
[PlyCount "48"]
[EventDate "2015.03.22"]

1. d4 Nf6 2. c4 g6 3. Nf3 Bg7 4. Nc3 O-O 5. g3 c5 6. Bg2 cxd4 7. Nxd4 Nc6 8.
O-O d6 9. b3 Nxd4 10. Qxd4 Ne4 11. Qxe4 Bxc3 12. Bh6 Bxa1 13. Bxf8 Kxf8 14.
Rxa1 Qa5 15. Qd4 f6 16. a3 Qb6 17. Qxb6 axb6 18. a4 Ke8 19. Kf1 Kd8 20. Ke1 Kc7
21. Kd2 Bd7 22. Rc1 Ra5 23. Be4 Rh5 24. h4 Bc6 1/2-1/2

[Event "Central Serbia 2015 Cup"]
[Site "Vrnjacka Banja"]
[Date "2015.05.01"]
[Round "5.8"]
[White "Djukic, Slobodan D"]
[Black "Vasic, Vladimir"]
[Result "1-0"]
[WhiteElo "2171"]
[BlackElo "2178"]
[PlyCount "85"]
[EventDate "2015.03.22"]

1. e4 e5 2. Nf3 Nc6 3. Bb5 f5 4. d3 fxe4 5. dxe4 Nf6 6. Bg5 h6 7. Bh4 g5 8. Bg3
d6 9. Nc3 Bg7 10. Nd2 Be6 11. Bc4 Qd7 12. Nd5 O-O-O 13. f3 Qf7 14. Nb3 a6 15.
a4 Nb4 16. Nxb4 Bxc4 17. Na5 Be6 18. Qe2 c5 19. Nxa6 Nh5 20. O-O Nxg3 21. hxg3
c4 22. Qe3 bxa6 23. Qb6 Kd7 24. Nb7 Ke7 25. Nxd8 Rxd8 26. Qxa6 Qe8 27. Qa7+ Rd7
28. Qb6 Qa8 29. Rfd1 Bf8 30. a5 Kf7 31. a6 Qa7 32. Qxa7 Rxa7 33. b4 Bd7 34. Rd5
Be7 35. b5 Bd8 36. Rxd6 Ke7 37. Rad1 Bxb5 38. Rxd8 Rxa6 39. R8d5 Be8 40. Rxe5+
Re6 41. Rxe6+ Kxe6 42. c3 Ba4 43. Ra1 1-0

[Event "Central Serbia 2015 Cup"]
[Site "Vrnjacka Banja"]
[Date "2015.05.01"]
[Round "5.8"]
[White "Bezarevic, Branko"]
[Black "Madjar, Stanislav"]
[Result "1/2-1/2"]
[WhiteElo "2170"]
[BlackElo "2181"]
[PlyCount "38"]
[EventDate "2015.03.22"]

1. e4 Nf6 2. e5 Nd5 3. c4 Nb6 4. c5 Nd5 5. Nc3 e6 6. Nxd5 exd5 7. d4 d6 8. cxd6
cxd6 9. Nf3 Nc6 10. h3 dxe5 11. dxe5 Bb4+ 12. Bd2 O-O 13. Bb5 Qe7 14. Bxc6 bxc6
15. O-O Rb8 16. Rc1 Bd7 17. a3 Bxd2 18. Qxd2 Rb3 19. Nd4 Rb6 1/2-1/2

[Event "Central Serbia 2015 Cup"]
[Site "Vrnjacka Banja"]
[Date "2015.05.01"]
[Round "5.8"]
[White "Ilic, Aleksandar"]
[Black "Mijanovic, Dragan"]
[Result "1-0"]
[WhiteElo "2097"]
[BlackElo "2062"]
[PlyCount "61"]
[EventDate "2015.03.22"]

1. e4 c6 2. d4 d5 3. Nc3 g6 4. Be3 dxe4 5. Nxe4 Bg7 6. Bc4 Nf6 7. Nxf6+ Bxf6 8.
Nf3 O-O 9. c3 Nd7 10. h4 Nb6 11. Bb3 Bg4 12. Qd2 a5 13. Bh6 Re8 14. Ng5 Nd5 15.
f3 Bd7 16. O-O-O b5 17. h5 a4 18. hxg6 hxg6 19. Bc2 e5 20. Ne4 exd4 21. Nxf6+
Qxf6 22. Bg5 dxc3 23. Qxd5 cxb2+ 24. Kb1 Qc3 25. Qxd7 b4 26. Bxg6 Rf8 27. Bh7+
Kh8 28. Qd2 Qg7 29. Qxb2 f6 30. Bf5+ Kg8 31. Be6+ 1-0

[Event "Central Serbia 2015 Cup"]
[Site "Vrnjacka Banja"]
[Date "2015.05.01"]
[Round "5.9"]
[White "Gajic, Sladjan"]
[Black "Gajovic, Dragan"]
[Result "1-0"]
[WhiteElo "2082"]
[BlackElo "2181"]
[PlyCount "67"]
[EventDate "2015.03.22"]

1. d4 g6 2. e4 Bg7 3. Nf3 d6 4. Nc3 Nf6 5. Bg5 Nbd7 6. Qd2 h6 7. Bf4 g5 8. Bg3
Nh5 9. Bc4 Nb6 10. Bb3 a5 11. a3 a4 12. Ba2 c6 13. O-O-O Bg4 14. Qe3 Nxg3 15.
fxg3 e6 16. h3 Bxf3 17. gxf3 Nd7 18. f4 O-O 19. Bb1 b5 20. e5 d5 21. Na2 c5 22.
c3 Qe7 23. h4 g4 24. h5 cxd4 25. cxd4 Rfc8+ 26. Bc2 f5 27. exf6 Nxf6 28. Kb1
Rc4 29. Bd3 Rc6 30. Nb4 Rb6 31. Rc1 Qf8 32. Rc7 Rc8 33. Rcc1 Rbb8 34. Qxe6+ 1-0

[Event "Central Serbia 2015 Cup"]
[Site "Vrnjacka Banja"]
[Date "2015.05.01"]
[Round "5.9"]
[White "Drljevic, Ljilja"]
[Black "Predolac, Nikola"]
[Result "0-1"]
[WhiteElo "2189"]
[BlackElo "2050"]
[PlyCount "110"]
[EventDate "2015.03.22"]

1. e4 d5 2. Nc3 d4 3. Nce2 c5 4. d3 Nc6 5. f4 e5 6. Nf3 Bd6 7. f5 a6 8. g4 b5
9. Ng3 Bb7 10. Nh5 g6 11. Ng3 Be7 12. g5 h6 13. f6 Bd6 14. h4 h5 15. a4 b4 16.
Ne2 Na5 17. c3 Bc8 18. Kf2 Be6 19. Bh3 Qd7 20. Kg2 Rc8 21. Bd2 Nc6 22. Rc1 a5
23. cxd4 exd4 24. Bf4 Bxh3+ 25. Rxh3 Bxf4 26. Nxf4 Qg4+ 27. Rg3 Qxf4 28. Rxc5
Nxf6 29. gxf6 Qxf6 30. e5 Qe7 31. Qc1 Qd7 32. Ng5 Ne7 33. Ne4 Rxc5 34. Qxc5 Qd5
35. Qc7 Nf5 36. Kh2 Kf8 37. Rf3 Kg7 38. Ng5 Rd8 39. Rxf5 gxf5 40. Qe7 Rc8 41.
Qf6+ Kg8 42. Kg3 Rc2 43. Nf3 Rxb2 44. Qg5+ Kf8 45. Qxh5 b3 46. Qh8+ Ke7 47. h5
Re2 48. Qf6+ Ke8 49. h6 Re3 50. Qxf5 Qxf3+ 51. Qxf3 Rxf3+ 52. Kxf3 Kf8 53. Ke4
b2 54. Kxd4 b1=Q 55. Kc3 Qb4+ 0-1

[Event "Central Serbia 2015 Cup"]
[Site "Vrnjacka Banja"]
[Date "2015.05.01"]
[Round "5.9"]
[White "Cukanovic, Petar"]
[Black "Mijajlovic, Jovan"]
[Result "1-0"]
[WhiteElo "2061"]
[BlackElo "1655"]
[PlyCount "57"]
[EventDate "2015.03.22"]

1. e4 c5 2. Nf3 a6 3. Nc3 e6 4. d4 cxd4 5. Nxd4 Qc7 6. Bd3 Nf6 7. Be3 b5 8. O-O
Bb7 9. a3 h5 10. h3 Nc6 11. Nb3 d6 12. f4 Be7 13. Be2 b4 14. axb4 Nxb4 15. Bf3
Rb8 16. Qe2 O-O 17. Qf2 Bc6 18. g4 hxg4 19. hxg4 d5 20. e5 Ne4 21. Qh2 Ng3 22.
Rf2 Ne4 23. Bxe4 dxe4 24. g5 Nxc2 25. Rxc2 Rxb3 26. Qh3 Bxg5 27. fxg5 Qxe5 28.
Rh2 f5 29. g6 1-0

[Event "Central Serbia 2015 Cup"]
[Site "Vrnjacka Banja"]
[Date "2015.05.01"]
[Round "5.1"]
[White "Zajic, Milan"]
[Black "Delchev, Aleksander"]
[Result "0-1"]
[WhiteElo "2480"]
[BlackElo "2607"]
[PlyCount "94"]
[EventDate "2015.03.22"]

1. e4 e5 2. Nf3 Nc6 3. Bb5 a6 4. Ba4 Nf6 5. d3 d6 6. c3 g6 7. O-O Bg7 8. Re1
O-O 9. Nbd2 Re8 10. Nf1 h6 11. Ng3 b5 12. Bc2 d5 13. a4 Rb8 14. axb5 axb5 15.
exd5 Nxd5 16. Bb3 Be6 17. Ne4 Nf6 18. Bxe6 Rxe6 19. Qb3 Bf8 20. Rd1 b4 21. Qc4
Nxe4 22. Qxe4 Bg7 23. Be3 bxc3 24. bxc3 Nd4 25. Bd2 f5 26. Nxd4 fxe4 27. Nxe6
Qd6 28. Nxg7 exd3 29. Bxh6 Kh7 30. Be3 Kxg7 31. Ra5 Kf7 32. c4 Qb4 33. Raa1 Qc3
34. h3 Rb2 35. Kh2 Qxc4 36. Ra8 Qb3 37. Rda1 Re2 38. Rd8 Rxe3 39. fxe3 Ke7 40.
Raa8 Qb5 41. Rab8 Qc4 42. Re8+ Kf6 43. Red8 Kf5 44. Rf8+ Ke4 45. Rbe8 g5 46.
Rg8 d2 47. Rxg5 Qd5 0-1

[Event "Central Serbia 2015 Cup"]
[Site "Vrnjacka Banja"]
[Date "2015.05.01"]
[Round "5.1"]
[White "Trickovic, Borivoje"]
[Black "Radovanovic, Nikola"]
[Result "1/2-1/2"]
[WhiteElo "2190"]
[BlackElo "2400"]
[PlyCount "39"]
[EventDate "2015.03.22"]

1. d4 d6 2. g3 Nf6 3. Bg2 c6 4. e4 e5 5. Ne2 Be7 6. h3 O-O 7. O-O exd4 8. Nxd4
Re8 9. c4 Bf8 10. Nc3 Nbd7 11. Qc2 g6 12. Be3 a5 13. Rad1 Qc7 14. Rfe1 Nc5 15.
b3 Bd7 16. Nde2 b6 17. Nf4 g5 18. Nfe2 h6 19. Nd4 Re7 20. Nf5 1/2-1/2

[Event "Central Serbia 2015 Cup"]
[Site "Vrnjacka Banja"]
[Date "2015.05.01"]
[Round "5.1"]
[White "Cvetanovic, Uros"]
[Black "Mincic, Srbislav"]
[Result "1-0"]
[WhiteElo "2261"]
[BlackElo "2241"]
[PlyCount "57"]
[EventDate "2015.03.22"]

1. e4 e5 2. Nc3 Nf6 3. Bc4 Nxe4 4. Qh5 Nd6 5. Qxe5+ Qe7 6. Qxe7+ Bxe7 7. Bb3
O-O 8. d4 c6 9. Nf3 Nf5 10. d5 Na6 11. O-O Nc5 12. Bf4 Nxb3 13. axb3 b5 14. g4
Bd6 15. Bd2 Nh6 16. Ne4 Bb8 17. Bxh6 gxh6 18. d6 f5 19. gxf5 Rxf5 20. Nd4 Rf4
21. Rfe1 c5 22. Nxb5 Bb7 23. Nxc5 Bc6 24. Nc7 Bxc7 25. dxc7 Rc8 26. Rxa7 Kf7
27. Re3 Rg8+ 28. Kf1 Rg2 29. Nd3 1-0

[Event "Central Serbia 2015 Cup"]
[Site "Vrnjacka Banja"]
[Date "2015.05.01"]
[Round "5.1"]
[White "Petrov, Georgi"]
[Black "Djordjevic, Vuk"]
[Result "1/2-1/2"]
[WhiteElo "2205"]
[BlackElo "2165"]
[PlyCount "54"]
[EventDate "2015.03.22"]

1. e4 c5 2. Nf3 d6 3. Bb5+ Bd7 4. Bxd7+ Nxd7 5. O-O Ngf6 6. Re1 e6 7. c4 Be7 8.
b3 Ne5 9. d3 O-O 10. Bb2 Nxf3+ 11. Qxf3 Qd7 12. d4 cxd4 13. Bxd4 b5 14. Nd2 a6
15. Rad1 Qc7 16. Bb2 Rfd8 17. Qe2 Qa5 18. a3 Nd7 19. cxb5 axb5 20. Nf3 Qb6 21.
b4 Bf6 22. e5 Bxe5 23. Nxe5 Nxe5 24. Bxe5 dxe5 25. Qxe5 h6 26. Rxd8+ Rxd8 27.
h3 Qa6 1/2-1/2

[Event "Central Serbia 2015 Cup"]
[Site "Vrnjacka Banja"]
[Date "2015.05.01"]
[Round "5.3"]
[White "Milosevic, Aleksandar"]
[Black "Cabarkapa, Mijomir"]
[Result "1-0"]
[WhiteElo "2278"]
[BlackElo "2187"]
[PlyCount "108"]
[EventDate "2015.03.22"]

1. Nf3 Nf6 2. c4 g6 3. Nc3 Bg7 4. e4 c5 5. d4 cxd4 6. Nxd4 d6 7. Be2 Nc6 8. Be3
Bd7 9. O-O O-O 10. Qd2 Re8 11. f3 Rc8 12. Rac1 Qc7 13. Rfd1 Qb8 14. Nxc6 Bxc6
15. c5 Rcd8 16. cxd6 Rxd6 17. Qc2 Rxd1+ 18. Rxd1 Rd8 19. Nb5 Rxd1+ 20. Qxd1
Bxb5 21. Bxb5 a6 22. Bf1 Qc7 23. Qe1 Qd7 24. b3 h5 25. a4 Bf8 26. Bb6 Qe6 27.
a5 Nd7 28. Bc4 Qc6 29. Be3 e6 30. Qd2 Bc5 31. Kf2 Qd6 32. Qxd6 Bxd6 33. Bd2 Nb8
34. b4 Bxh2 35. g3 h4 36. gxh4 Bd6 37. f4 Kf8 38. f5 exf5 39. exf5 Kg7 40. Bc3+
f6 41. fxg6 Kxg6 42. Be2 Nc6 43. h5+ Kg7 44. b5 axb5 45. Bxb5 Bc5+ 46. Kg2 Nd4
47. Be8 Nf5 48. Kf3 Nd6 49. Bd7 Kf7 50. Kf4 Ba3 51. Ba4 Bc5 52. Bc2 Kg7 53. Bb1
Ba3 54. Bc2 Bc5 1-0

[Event "Central Serbia 2015 Cup"]
[Site "Vrnjacka Banja"]
[Date "2015.05.01"]
[Round "5.3"]
[White "Dragasevic, Dragan"]
[Black "Popovic, Djordje D"]
[Result "0-1"]
[WhiteElo "2156"]
[BlackElo "2216"]
[PlyCount "48"]
[EventDate "2015.03.22"]

1. d4 Nf6 2. Nf3 e6 3. Bg5 d5 4. e3 c5 5. Nbd2 Nc6 6. c3 Bd6 7. Bd3 h6 8. Bh4
O-O 9. O-O e5 10. dxe5 Nxe5 11. Nxe5 Bxe5 12. Qc2 Bxh2+ 13. Kxh2 Ng4+ 14. Kg3
g5 15. Rh1 gxh4+ 16. Rxh4 Nxe3 17. Qa4 Qg5+ 18. Kf3 d4 19. Ne4 Qxh4 20. cxd4
Nd5 21. g3 Bg4+ 22. Kg2 Qh3+ 23. Kg1 Bf3 24. Bf1 Qh1# 0-1

[Event "Central Serbia 2015 Cup"]
[Site "Vrnjacka Banja"]
[Date "2015.05.01"]
[Round "5.3"]
[White "Stefanovic, Vladimir"]
[Black "Jocovic, Slobodan"]
[Result "0-1"]
[WhiteElo "2224"]
[BlackElo "2078"]
[PlyCount "62"]
[EventDate "2015.03.22"]

1. Nf3 d5 2. c4 d4 3. g3 c5 4. Bg2 Nc6 5. O-O e5 6. d3 Nf6 7. e3 Be7 8. Re1 O-O
9. Na3 Re8 10. Nc2 Bg4 11. h3 Bd7 12. exd4 exd4 13. Bf4 Nh5 14. Bd2 g6 15. Ne5
Nxe5 16. Rxe5 Qc7 17. Rxh5 gxh5 18. Qxh5 Bc6 19. Bh6 Qd6 20. Bxc6 bxc6 21. Bf4
Qg6 22. Qf3 Bg5 23. Ne1 Bxf4 24. Qxf4 Re2 25. Nf3 Rae8 26. Nh4 Qh5 27. Rb1 h6
28. Kg2 Qg5 29. Qf3 R8e3 30. Qxc6 Qxg3+ 31. Kf1 Rxf2# 0-1

[Event "Central Serbia 2015 Cup"]
[Site "Vrnjacka Banja"]
[Date "2015.05.01"]
[Round "5.3"]
[White "Jovcic, Zoran"]
[Black "Ivic, Matija"]
[Result "0-1"]
[WhiteElo "2129"]
[BlackElo "2131"]
[PlyCount "53"]
[EventDate "2015.03.22"]

1. Nf3 c5 2. g3 g6 3. Bg2 Bg7 4. O-O Nf6 5. c4 Nc6 6. Nc3 O-O 7. e3 d6 8. d4
Bf5 9. a3 Ne4 10. Nxe4 Bxe4 11. d5 Na5 12. Nd2 Bd3 13. Re1 Bxc4 14. Nxc4 Nxc4
15. Qc2 Ne5 16. e4 Nd7 17. Bd2 b5 18. h4 Qb6 19. Bc3 c4 20. Bxg7 Kxg7 21. h5 f6
22. Bf3 Nc5 23. Qd2 a5 24. Kg2 Rh8 25. Re2 b4 26. axb4 axb4 27. Rh1 0-1

[Event "Central Serbia 2015 Cup"]
[Site "Vrnjacka Banja"]
[Date "2015.05.01"]
[Round "5.4"]
[White "Todorovic, Bojan"]
[Black "Vujic, Mihailo"]
[Result "1-0"]
[WhiteElo "2363"]
[BlackElo "2332"]
[PlyCount "85"]
[EventDate "2015.03.22"]

1. d4 d5 2. c4 e5 3. dxe5 d4 4. a3 Nc6 5. e3 Nge7 6. Nf3 Nf5 7. e4 Nh4 8. Nbd2
Bg4 9. Qb3 Bxf3 10. Nxf3 Nxf3+ 11. gxf3 Qd7 12. f4 g5 13. fxg5 Nxe5 14. f4 Nc6
15. Bh3 Qd6 16. c5 Qxc5 17. Qxb7 Rb8 18. Qxc7 Qa5+ 19. Qxa5 Nxa5 20. b4 Nb3 21.
Rb1 Nxc1 22. Rxc1 a5 23. bxa5 Bxa3 24. Rc8+ Rxc8 25. Bxc8 Ke7 26. Bb7 Bb4+ 27.
Ke2 Bxa5 28. Bd5 Bc7 29. Kf3 h6 30. Rc1 Kd7 31. h4 hxg5 32. hxg5 Rh3+ 33. Kg4
Rc3 34. Rd1 d3 35. Bxf7 Bb6 36. Bd5 Ke7 37. e5 Be3 38. g6 Kf8 39. Kf5 Kg7 40.
Rh1 d2 41. Rh7+ Kf8 42. g7+ Ke7 43. g8=Q# 1-0

[Event "Central Serbia 2015 Cup"]
[Site "Vrnjacka Banja"]
[Date "2015.05.01"]
[Round "5.4"]
[White "Tojagic, Dane"]
[Black "Manic, Ljubomir"]
[Result "1-0"]
[WhiteElo "2257"]
[BlackElo "2192"]
[PlyCount "45"]
[EventDate "2015.03.22"]

1. d4 Nf6 2. c4 c5 3. d5 b5 4. cxb5 a6 5. b6 d6 6. Nc3 Nbd7 7. e4 g6 8. a4 Qxb6
9. a5 Qc7 10. f4 Bg7 11. Bc4 O-O 12. Qd3 Re8 13. Nf3 Bb7 14. O-O Rad8 15. Bd2
Nb8 16. f5 Ng4 17. fxg6 hxg6 18. Ng5 Nf6 19. e5 dxe5 20. Nxf7 e6 21. Nxd8 Rxd8
22. Qxg6 exd5 23. Rxf6 1-0